000 00625ntaaa2200229 4500
003 01
005 20251027201923.0
008 0714s1973 ag 01
040 _aAR-BaBN
_bspa
_cAR-BaBN
_eaacr
_dRIC
082 _a244.3000 Ar3t
100 _aArguinzoni, Sonny
_917755
245 _aEl traficante de Dios
250 _a1 ed.
260 _aPlantfield :
_bLogos International,
_c1971
300 _a196 p.
500 _ailus. por Jim Howard
650 _aDrogadictos
_92100
650 _aJuventud
_92500
650 _aMovimiento de Renovación Espiritual
_915309
700 _aRicketts, Jorunn Oftedal
_917756
942 _cBK
999 _c13937
_d13937